000 00652nam a2200229Ia 4500
003 OSt
005 20221007074216.0
006 a|||||r|||| 00| 0
007 ta
008 221006b |||||||| |||| 00| 0 eng d
024 _a27,001
037 _cReports / Technical Reports
040 _aFLL
_cFLL
_beng
041 _2eng
_aeng
082 _aZ73:94y7, K8;1
100 _aLouisell David W.
_9692695
245 0 _aEvidence
260 _aMineola
_bThe Foundation Press, Inc. New York
_c1968
300 _axxxv,1317p
_ccm.
942 _hZ73:94y7, K8;1
_cREP
_2CC
999 _c1151534
_d1151534